Click The Real US President - Statistics

General Stats
  • This quiz has been taken 94 times
  • The average score is 4 of 9
Answers on the Grid
Answers color-coded by a green-red scale on the quiz's grid according to % correct below.
Alexander Hamilton
Chester A Arthur
Zachary Taylor
Millard Fillmore
John Quincy Adam
Thomas Jackson
Andrew Johnson
John Jay
James Madison
Abraham Lincoln
Wakko
Yakko
Dot
George Washington
James K Polk
John Adms
John Tyler
Paul Revere
 
Answer Stats
Answer % Correct
Abraham Lincoln
65%
George Washington
58%
James Madison
52%
Andrew Johnson
48%
Chester A Arthur
46%
James K Polk
46%
Zachary Taylor
46%
Millard Fillmore
40%
John Tyler
29%
No matching quizzes found
Score Distribution
Percent of People with Each Score
Percentile by Number Answered
Your Score History
You have not taken this quiz